American Countries with 10,000 Foot Mountains - Statistics

General Stats
  • This quiz has been taken 77 times
  • The average score is 11 of 14
Answer Stats
highest peak m ft country % Correct
Denali 6190 20,310 United States
97%
Aconcagua 6960 22,835 Argentina
94%
Mount Logan 5959 19,551 Canada
94%
Ojos del Salado 6893 22,615 Chile
94%
Huascarán 6768 22,205 Peru
92%
Chimborazo 6267 20,561 Ecuador
90%
Sajama 6542 21,463 Bolivia
85%
Pico Cristóbal Colón 5700 18,701 Colombia
84%
Pico de Orizaba 5636 18,491 Mexico
77%
Pico Bolívar 4978 16,332 Venezuela
73%
Volcán Tajumulco 4220 13,845 Guatemala
66%
Cerro Chirripó 3820 12,533 Costa Rica
61%
Volcán Barú 3475 11,401 Panama
55%
Pico Duarte 3098 10,164 Dominican Republic
44%
No matching quizzes found
Score Distribution
Percent of People with Each Score
Percentile by Number Answered
Your Score History
You have not taken this quiz